Subdivisions of Austria-Hungary - Statistics

General Stats
  • This quiz has been taken 53 times
  • The average score is 9 of 28
Answer Stats
Subdivision % Correct
Hungary
91%
Bohemia
77%
Croatia
70%
Moravia
70%
Bosnia
68%
Galicia
60%
Upper Austria
60%
Transylvania
57%
Lower Austria
55%
Vienna
53%
Dalmatia
51%
Krakow-Silesia
51%
Slovakia
40%
Carniola
34%
Tirol
32%
Herzegovina
30%
Istria
26%
Novi Sad
6%
Trento
4%
Austrian Silesia
2%
Novi Pzar
2%
Transcarpathia
2%
West Banat
2%
Carpathian Ruthenia
0%
East Banat
0%
Lower Slavonia
0%
Upper Slavonia
0%
Vodjvana
0%
No matching quizzes found
Score Distribution
Percent of People with Each Score
Percentile by Number Answered
Your Score History
You have not taken this quiz